KOHA-Header-6

Electric Circuits (Record no. 5936)

000 -LEADER
fixed length control field 00266nam a2200109Ia 4500
008 - FIXED-LENGTH DATA ELEMENTS--GENERAL INFORMATION
fixed length control field 190906s9999||||xx |||||||||||||| ||und||
100 ## - MAIN ENTRY--PERSONAL NAME
Personal name Theodore F. Bogart, Jr.
245 #0 - TITLE STATEMENT
Title Electric Circuits
260 ## - PUBLICATION, DISTRIBUTION, ETC. (IMPRINT)
Place of publication, distribution, etc New york
Name of publisher, distributor, etc Prentice Hall
Date of publication, distribution, etc 1992
300 ## - PHYSICAL DESCRIPTION
Extent 933
942 ## - ADDED ENTRY ELEMENTS (KOHA)
Koha item type Books
Holdings
Withdrawn status Lost status Source of classification or shelving scheme Damaged status Not for loan Collection code Permanent Location Current Location Shelving location Date acquired Full call number Barcode Date last seen Price effective from Koha item type
          Electrical Engineering MAJU MAJU   2019-09-06 621.3192 3719 2019-09-06 2019-09-06 Electrical Engineering

Powered by Koha